000 00339nam a2200145Ia 4500
008 230711s9999||||xx |||||||||||||| ||und||
041 _aENG
082 _a720
_bHO-C
100 _aHorn,Detton H
245 0 _a50 comosic projects
250 _a1st
260 _c1988
_aNew Delhi
_bTAB Books BME Ridge
650 _aArchitecture
942 _cBK
999 _c2241
_d2241